| 000 | 00681nam a2200121Ia 4500 | ||
|---|---|---|---|
| 008 | 220616s9999||||xx |||||||||||||| ||und|| | ||
| 100 | _aEmerson, Caryl | ||
| 245 | 0 |
_aAll the Same The Words Don't Go Away _bEssays on Authors, Heroes, Aesthetics, and Stage Adaptations from the Russian Tradition |
|
| 546 | _aEnglish[eng] | ||
| 650 | _aLiterature||Literary criticism||Pushkin||Bakhtin||Dostoevsky||Media studies||Transposition||Russian Literature | ||
| 856 | _uhttps://library.oapen.org/bitstream/20.500.12657/23670/1/1006473.pdf||https://library.oapen.org/bitstream/20.500.12657/23670/1/1006473.pdf||https://library.oapen.org/bitstream/20.500.12657/23670/1/1006473.pdf | ||
| 942 | _cEB | ||
| 999 |
_c20070 _d20070 |
||